• 首页
  • 本馆介绍
  • 公告通知
  • 最新文献
  • 馆藏检索
  • 电子资源
  • 读者导购
  • 参考咨询
  • 我的图书馆
  • 登录
  • 详细信息显示
  • 放入我的书架
  • 预约/预借图书
  • 作者相关作品
  • 分类相关作品
  • 丛书相关作品
  • 出版社相关作品

书目信息

  • 表格格式
  • 工作单格式
  • 卡片格式
题名:
警察院校体育基础教程
    
 
作者: 薛凤清
分册:  
出版信息: 北京   中国人民公安大学出版社  2003
页数: 287
开本: 20cm
丛书名:
单 册:
中图分类: G87
科图分类:
主题词: 体育运动
电子资源:
ISBN: 7-81087-261-3
000 00534nam0 2200181 450
001 0736480453
005 20070817100800.46
010    @a7-81087-261-3@d¥20.00
100    @a20070817d km y0chiy0120 ea
101 0  @achi
200 1  @a警察院校体育基础教程@Ajing cha yuan xiao ti yu ji chu jiao cheng@f薛凤清等@Fxue feng qing deng
210    @a北京@c中国人民公安大学出版社@d2003
215    @a287@d20cm
606 0  @a体育运动
690    @aG87@v3
701  0 @a薛凤清@Axue feng qing
801  0 @aCN@bPFT@c20070817
905    @a213230@dG87@et1@f1
    
    警察院校体育基础教程/薛凤清等.-北京:中国人民公安大学出版社,2003
    287;20cm
    
    
    ISBN 7-81087-261-3:¥20.00
    
●
相关链接 在E读中查询图书 在五车中查询图书 在当当中查询图书 在豆瓣中查询图书


正题名:警察院校体育基础教程     索取号:G87/t1         预约/预借

序号 登录号 条形码 馆藏地/架位号 状态 备注
1 6902069   269020695   密集书库-体育系/ [索取号:G87/t1] 在馆    
唐山师范学院图书馆 欢迎您!
大连网信软件有限公司© 版权所有